000 00407nam a22001697a 4500
005 20180621110333.0
008 160615b xxu||||| |||| 00| 0 eng d
020 _a978-0-07-050721-0
041 _aeng
082 _b7767
_a658
100 _aDas, Ranjan & Basu, Udayan Kumar
_91988
245 _aCorporate Restructuring
260 _bTMH
_c2009
300 _a284
650 _aManagement
_9241
942 _cBK
999 _c2779
_d2778